[Event "Kislovodsk Plaza op"]
[Site "Kislovodsk"]
[Date "2010.12.17"]
[Round "7"]
[White "Karabashev, Sagit"]
[Black "Shakhmurzova, Fatima"]
[Result "1-0"]
[WhiteElo "2176"]
[BlackElo "1787"]
[PlyCount "109"]
[EventDate "2010.12.11"]
[EventType "swiss"]
[EventRounds "9"]
[EventCountry "RUS"]
[SourceTitle "EXT 2013"]
[Source "ChessBase"]
[SourceDate "2012.11.22"]
[SourceVersion "1"]
[SourceVersionDate "2012.11.22"]
[SourceQuality "1"]

1. e4 e5 2. Nf3 Nc6 3. d4 exd4 4. Nxd4 Nf6 5. Nc3 Bb4 6. Nxc6 bxc6 7. Bd3 d5 8. exd5 Qe7+ 9. Qe2 Qxe2+ 10. Bxe2 Nxd5 11. Bd2 Nxc3 12. Bxc3 Bxc3+ 13. bxc3 0-0 14. 0-0-0 Be6 15. Rd4 Rab8 16. Ra4 Rb7 17. Bd3 g6 18. Re1 Rfb8 19. Kd2 Rd8 20. c4 a5 21. Kc3 Ra7 22. Re5 Rda8 23. f4 Kg7 24. Rc5 Bd7 25. f5 Kf6 26. fxg6 hxg6 27. Be4 Ra6 28. h4 Ke7 29. Bf3 Kd6 30. Rg5 Ke7 31. c5 Rb8 32. a3 Bf5 33. Be2 Raa8 34. Rg3 Rd8 35. Re3+ Kf8 36. Bf3 Ra6 37. g4 Be6 38. Rf4 Kg7 39. Rd4 Bd5 40. Re7 Rh8 41. Rf4 Rxh4 42. Bxd5 cxd5 43. Rexf7+ Kh6 44. Rxc7 Kg5 45. Rd4 Rh3+ 46. Kb2 Rg3 47. Rxd5+ Kxg4 48. Rd6 Ra8 49. Rxg6+ Kf3 50. Rf7+ Kg2 51. Rxg3+ Kxg3 52. Kc3 Rb8 53. Kc4 Rb2 54. c3 Ra2 55. c6 1-0

[Event "Kislovodsk Plaza op"]
[Site "Kislovodsk"]
[Date "2010.12.12"]
[Round "2"]
[White "Aliyev, Elnur Fakhraddin Og"]
[Black "Shakhmurzova, Fatima"]
[Result "1-0"]
[WhiteElo "2154"]
[BlackElo "1787"]
[PlyCount "49"]
[EventDate "2010.12.11"]
[EventType "swiss"]
[EventRounds "9"]
[EventCountry "RUS"]
[SourceTitle "EXT 2013"]
[Source "ChessBase"]
[SourceDate "2012.11.22"]
[SourceVersion "1"]
[SourceVersionDate "2012.11.22"]
[SourceQuality "1"]

1. e4 e5 2. Nf3 Nc6 3. Nc3 Nf6 4. Bb5 d6 5. d4 exd4 6. Qxd4 Bd7 7. Bxc6 Bxc6 8. Bf4 Be7 9. 0-0-0 Nh5 10. Be3 Bf6 11. e5 Bxf3 12. exf6 Bxd1 13. fxg7 Rg8 14. Qe4+ Qe7 15. Qxb7 Kd7 16. Nd5 Qd8 17. Qb5+ Kc8 18. Rxd1 Nxg7 19. Qc6 Rb8 20. Bxa7 Ne6 21. Bxb8 Kxb8 22. Rd3 Qg5+ 23. f4 Qxg2 24. Rb3+ Kc8 25. Nb6+ 1-0